Social change and development : (Record no. 3132)

MARC details
000 -LEADER
fixed length control field 01317pam a2200337 a 4500
001 - CONTROL NUMBER
control field 3872261
003 - CONTROL NUMBER IDENTIFIER
control field OSt
005 - DATE AND TIME OF LATEST TRANSACTION
control field 20160301190614.0
008 - FIXED-LENGTH DATA ELEMENTS--GENERAL INFORMATION
fixed length control field 890922s1990 caua b 001 0 eng
010 ## - LIBRARY OF CONGRESS CONTROL NUMBER
LC control number 89028110
020 ## - INTERNATIONAL STANDARD BOOK NUMBER
International Standard Book Number 0803935463
020 ## - INTERNATIONAL STANDARD BOOK NUMBER
International Standard Book Number 0803935471 (pbk.)
040 ## - CATALOGING SOURCE
Original cataloging agency DLC
Transcribing agency DLC
Modifying agency DLC
050 00 - LIBRARY OF CONGRESS CALL NUMBER
Classification number HD75
Item number .S617 1990
082 00 - DEWEY DECIMAL CLASSIFICATION NUMBER
Classification number 306.3
Edition number 20
Item number ALV 1990
100 1# - MAIN ENTRY--PERSONAL NAME
Personal name So, Alvin Y.,
Dates associated with a name 1953-
9 (RLIN) 6962
245 10 - TITLE STATEMENT
Title Social change and development :
Remainder of title modernization, dependency, and world-systems theories /
Statement of responsibility, etc. Alvin Y. So.
260 ## - PUBLICATION, DISTRIBUTION, ETC. (IMPRINT)
Place of publication, distribution, etc. Newbury Park, Calif. :
Name of publisher, distributor, etc. Sage Publications,
Date of publication, distribution, etc. 1990.
300 ## - PHYSICAL DESCRIPTION
Extent 283 p. :
Other physical details ill. ;
Dimensions 23 cm.
440 #0 - SERIES STATEMENT/ADDED ENTRY--TITLE
Title Sage library of social research ;
Volume/sequential designation v. 178
9 (RLIN) 6963
504 ## - BIBLIOGRAPHY, ETC. NOTE
Bibliography, etc Includes bibliographical references (p. 269-276) and index.
650 #0 - SUBJECT ADDED ENTRY--TOPICAL TERM
Topical term or geographic name as entry element Economic development.
9 (RLIN) 521
650 #0 - SUBJECT ADDED ENTRY--TOPICAL TERM
Topical term or geographic name as entry element Economic development
General subdivision Social aspects.
9 (RLIN) 1666
650 #0 - SUBJECT ADDED ENTRY--TOPICAL TERM
Topical term or geographic name as entry element Dependency.
9 (RLIN) 6964
650 #0 - SUBJECT ADDED ENTRY--TOPICAL TERM
Topical term or geographic name as entry element Capitalism.
9 (RLIN) 5488
856 42 - ELECTRONIC LOCATION AND ACCESS
Materials specified Publisher description
Uniform Resource Identifier http://www.loc.gov/catdir/enhancements/fy0655/89028110-d.html
856 41 - ELECTRONIC LOCATION AND ACCESS
Materials specified Table of contents only
Uniform Resource Identifier http://www.loc.gov/catdir/enhancements/fy0655/89028110-t.html
906 ## - LOCAL DATA ELEMENT F, LDF (RLIN)
a 7
b cbc
c orignew
d 1
e ocip
f 19
g y-gencatlg
942 ## - ADDED ENTRY ELEMENTS (KOHA)
Source of classification or shelving scheme Dewey Decimal Classification
Koha item type Short Loan
Holdings
Withdrawn status Lost status Source of classification or shelving scheme Damaged status Not for loan Home library Current library Date acquired Source of acquisition Inventory number Total Checkouts Full call number Barcode Date last seen Price effective from Koha item type
    Dewey Decimal Classification     MUST Main Library MUST Main Library 01/03/2016   2004/20696   306.3 ALV 1990 2016-0295 01/03/2016 01/03/2016 Short Loan
    Dewey Decimal Classification     MUST Main Library MUST Main Library 22/04/2016   04/21636   306.3 ALV 1990 2016-1156 22/04/2016 22/04/2016 Short Loan
    Dewey Decimal Classification     MUST Main Library MUST Main Library 22/04/2016   04/21637   306.3 ALV 1990 2016-1157 22/04/2016 22/04/2016 Short Loan